Les 10 villes les plus peuplées de l'Aube (10) - Statistiques

Statistiques générales
  • Ce quiz a été pris 34 fois
  • Le résultat moyen est 6 sur 10
Statistiques - réponses
Population Communes % Correct
62 400 Troyes
100%
14 800 Romilly-sur-Seine
84%
4 700 Bar-sur-Aube
77%
5 700 Nogent-sur-Seine
74%
12 600 La Chapelle-Saint-Luc
68%
10 500 Sainte-Savine
52%
12 700 Saint-André-les-Vergers
48%
6 800 Saint-Julien-les-Villas
39%
4 900 Rosières-près-Troyes
26%
5 200 Pont-Sainte-Marie
19%
Aucun quiz correspondant
Distribution des résultats
% des personnes avec chaque résultat
Percentile par nombre de réponses
Votre historique - résultats
Vous n’avez pas pris ce quiz